| 000 | 00545nam a22002057a 4500 | ||
|---|---|---|---|
| 003 | LK-CoMWRAF | ||
| 005 | 20231004143600.0 | ||
| 008 | 230921b2001 |||||||| |||| 00| 0 eng d | ||
| 020 | _a0060095571 | ||
| 040 |
_aLK-CoMWRAF _dLK-CoMWRAF _eLK-CoMWRAF |
||
| 041 | _aeng | ||
| 082 |
_a297 _bSMI |
||
| 100 | _aSmith, Huston | ||
| 245 |
_aIslam : _bA concise introduction |
||
| 260 |
_aNew York : _bHarperCollins, _c2001 |
||
| 650 | _a Religion -- Islam -- History | ||
| 650 | _aIslam | ||
| 650 | _aReligion -- Islam -- Theology | ||
| 942 | _cBK | ||
| 999 |
_c3588 _d3588 |
||